000 00448nam a2200181Ia 4500
008 230711s9999||||xx |||||||||||||| ||und||
020 _a978-81-224-2363-1
041 _aENG
082 _a628
_bKA-E
100 _aKaushik,Anubha
245 0 _aEnvironmental science
250 _a3rd . Ed.
260 _c2011
_aNew Delhi
_bNew Age International Publishers
300 _a309
650 _aCivil Engineering
700 _aKaushik,C.P
942 _cBK
999 _c5510
_d5510